000 00581nam a2200217Ia 4500
003 OSt
005 20220928144540.0
006 a|||||r|||| 00| 0
007 ta
008 220927b |||||||| |||| 00| 0 eng d
024 _a71620
037 _cTextual
040 _aSDCL
_cSDCL
_beng
041 _2eng
_aeng
082 _aX:8T, N8
100 _aBaets Walter R J.
_9508195
245 0 _aOrganizational learning and knowledge technologies in dynamic environment.
260 _c1998
942 _hX:8T, N8
_cTEXL
_2CC
999 _c827757
_d827757